000 01754nam a2200349 i 4500
001 000022146
003 DO-SdBNP
005 20260423093409.0
007 ta
008 100917s1996 dr 000 0 spa d
020 _a8489525536
040 _aDO-SdBNP
_bspa
_cBNPHU
_erda
041 _aspa
082 4 _a307.76
_bP438u
_222
100 _aPérez Núñez, César,
_eautor
_4aut.
_917961
245 1 0 _aUrbanización y municipio en Santo Domingo /
_cCésar Pérez Núñez ; editor, Víctor Eddy Ruiz B.
264 4 _aSanto Domingo, República Dominicana :
_bINTEC,
_c©1996.
300 _a234 páginas ;
_c21 cm.
336 _atexto
_btxt
_2rdacontent
337 _asin mediación
_bn
_2rdamedia
338 _avolumen
_bnc
_2rdacarrier
500 _aIncluye referencias bibliográficas y notas al pie de las páginas
504 _aBibliografía: páginas 227-234
505 0 _aOrígenes del ayuntamiento --
_tLo urbano y el municipio en la historia dominicana --
_tProducción de lo urbano en la era de Trujillo --
_tPolítica urbana postrujillista --
_tComportamiento espacial de la ciudad de Santo Domingo --
_tLa crisis urbana y el problema de la gobernabilidad --
_tEstructura político-administrativa de la República Dominicana --
_tLuchas y demandas sociales --
_tEl Municipio como nuevo escenario de la política --
_tDemocracia y territorialidad de la política.
_tBibliografía
590 _aInventariado, 2018/DG
650 4 _aUrbanización
_zRepública Domingo, Santo Domingo
_945846
650 4 _aUrbanismo
_zRepública Dominicana, Santo Domingo
_945847
700 1 2 _aRuiz B., Víctor Eddy,
_eeditor
_4ed.
_912774
710 2 _aInstituto Tecnológico de Santo Domingo
_978911
910 _aValidado. Control de calidad MFF
942 _2ddc
_cLBS1
999 _c21644
_d21644